[Event "Vrnjacka Banja"]
[Site "Vrnjacka Banja"]
[Date "1987.??.??"]
[Round "12"]
[White "Maksimovic, Suzana"]
[Black "Atanasijadis, Antimos"]
[Result "1/2-1/2"]
[WhiteElo "2450"]
[BlackElo "2305"]

1.d4 Nf6 2.Bg5 d5 3.Bxf6 exf6 4.e3 c6 5.Bd3 Nd7 6.Qf3 Bd6 7.Ne2 Nf8 8.Nbc3 Ne6
9.e4 Ng5 10.Qe3 dxe4 11.Nxe4 Nxe4 12.Qxe4+ Be6 13.O-O-O Qa5 14.Bc4 Qg5+ 15.Kb1 Qf5
16.Qxf5 Bxf5 17.Ng3 Bg6 18.Rhe1+ Kd7 19.Bd3 Rae8 20.Bxg6 hxg6 21.h3 f5 22.Nf1 Re6
23.Nd2 g5 24.Nf3 Rxe1 25.Rxe1 g4 26.Ng5 Rh5 27.h4 Rxh4 28.Nxf7 Rh2 29.Nxd6 Kxd6
30.Rg1 f4 31.c4 b5 32.b3 g5 33.Kc1 bxc4 34.bxc4 f3 35.gxf3 gxf3 36.Rxg5 Rxf2
37.Rf5 Ke6 38.Rf4  1/2-1/2

[Event "Baden-Baden"]
[Site "Baden-Baden"]
[Date "1988.??.??"]
[Round "?"]
[White "Fahnenschmidt, Gerhard"]
[Black "Blatny, Pavel"]
[Result "1/2-1/2"]
[WhiteElo "2380"]
[BlackElo "2490"]

1.d4 Nf6 2.Bg5 d5 3.Bxf6 gxf6 4.e3 c6 5.c4 e6 6.Nc3 Bg7 7.cxd5 cxd5 8.Nge2 O-O
9.Nf4 f5 10.Nh5 Bh6 11.Be2 Kh8 12.h3 Rg8 13.g3 Nd7 14.Qb3 a6 15.O-O-O b5
16.g4 Nb6 17.Kb1 Nc4 18.Rhg1 Bd7 19.Qc2 Qh4 20.Rg3 Rgc8 21.Bxc4 dxc4 22.Ne2 Bc6
23.d5 Bxd5 24.Qc3+ f6 25.Qxf6+ Qxf6 26.Nxf6 Bc6 27.Rd6 Bg7 28.Rxe6 fxg4 29.hxg4 Bxf6
30.Rxf6 b4 31.Nd4 Be4+ 32.Kc1 a5 33.Re6 Bd3 34.e4 a4 35.Re7 Re8 36.Rxe8+ Rxe8
37.f3 c3 38.bxc3 bxc3 39.f4 Bxe4 40.Rxc3 Bd5 41.Kd2  1/2-1/2

[Event "Beersheba"]
[Site "Beersheba"]
[Date "1988.??.??"]
[Round "?"]
[White "Shrentzel, Israel"]
[Black "Pinter, Jozsef"]
[Result "0-1"]
[WhiteElo "2385"]
[BlackElo "2570"]

1.d4 Nf6 2.Bg5 d5 3.Nd2 Nbd7 4.Ngf3 h6 5.Bh4 e6 6.c4 Be7 7.e3 O-O 8.Bd3 b6
9.O-O Bb7 10.Qe2 c5 11.Rfd1 cxd4 12.exd4 Rc8 13.Rac1 Re8 14.Ne5 Nxe5 15.dxe5 Nd7
16.Bg3 Nc5 17.Bb1 Ba6 18.Qh5 Na4 19.h4 Nxb2 20.Bf4 Bf8 21.Bxh6 gxh6 22.Ne4 dxe4
23.Rxd8 Rexd8 24.Bxe4 Rxc4 25.Re1 Rdd4 26.f3 Bg7 27.g4 Nd3 28.Bxd3 Rxd3 29.g5 Bb7
30.Rf1 hxg5 31.hxg5 Rf4 32.g6 Bxf3 33.Qh7+ Kf8 34.Rc1 Bb7 35.gxf7 Rg4+ 36.Kf1 Rf3+
37.Ke1 Rxf7 38.Qd3 Rg1+ 39.Ke2 Bf3+  0-1

[Event "Biel-B"]
[Site "Biel"]
[Date "1988.??.??"]
[Round "4"]
[White "Bellon Lopez, Juan Manuel"]
[Black "Zapata, Alonso"]
[Result "0-1"]
[WhiteElo "2450"]
[BlackElo "2480"]

1.d4 Nf6 2.Bg5 d5 3.Nd2 Nbd7 4.Ngf3 g6 5.c4 c6 6.Qb3 Bg7 7.e3 O-O 8.Be2 Re8
9.O-O Ne4 10.Nxe4 dxe4 11.Nd2 Nc5 12.Qc2 Ne6 13.Nxe4 Nxg5 14.Nxg5 e5 15.Nf3 exd4
16.Nxd4 Bxd4 17.exd4 Qxd4 18.Rad1 Qe5 19.Bf3 Bf5 20.Qd2 Qc5 21.Qc3 a5 22.Qd4 Qxd4
23.Rxd4 Re5 24.Rfd1 Kf8 25.g4 Be6 26.Rd8+ Rxd8 27.Rxd8+ Ke7 28.Rb8 Bxc4 29.Rxb7+ Kd6
30.a3 Rb5 31.Rxb5 cxb5 32.Be4 Ke5 33.f3 Bd5 34.Bd3 Bxf3 35.Bxb5 Bxg4 36.Kf2 Kd4
37.b4 axb4 38.axb4 Be6 39.Bc6 g5 40.Be8 f5 41.b5 Kc5 42.Kg3 Kd6 43.h4 h6
44.hxg5 hxg5 45.Bh5 f4+ 46.Kf3 Ke5 47.b6 Bc8 48.Be8 g4+ 49.Kg2 Bb7+ 50.Kh2 Kf5
51.Bb5 Kg5 52.Bf1 Kh4 53.Bb5 f3 54.Bc4 g3+ 55.Kg1 f2+  0-1

[Event "BCF-ch"]
[Site "Blackpool"]
[Date "1988.??.??"]
[Round "?"]
[White "Hodgson, Julian M"]
[Black "Flear, Glenn C"]
[Result "1/2-1/2"]
[WhiteElo "2525"]
[BlackElo "2470"]

1.d4 d5 2.Bg5 Nf6 3.Nc3 Nbd7 4.f3 c6 5.e4 dxe4 6.fxe4 e5 7.dxe5 Qa5 8.Qd2 Nxe5
9.O-O-O Bb4 10.Nf3 Be6 11.Nxe5 Nxe4 12.Nxe4 Bxd2+ 13.Rxd2 Qxe5 14.Nd6+ Kf8
15.Bh4 g5 16.Bg3 Qa5 17.a3 Kg7 18.h4 h6 19.Bd3 gxh4 20.Rxh4 Qg5 21.Ne4 Qd5
22.c4 Qa5 23.Bd6 f6 24.Bb4 Qc7 25.Bc3 Rhf8 26.Rf2 Rf7 27.Nxf6 Kf8 28.Rxh6 Ke7
29.Kc2 Rd8 30.Re2 Rxd3 31.Rxe6+ Kxe6 32.Nd5+ Kd7 33.Nxc7 Re3 34.g4 Kxc7 35.g5 Rf2+
36.Kb3 Rg2 37.g6 Reg3 38.g7 Kb6 39.Rh8 Rxc3+ 40.Kxc3 Rxg7  1/2-1/2

[Event "Cannes op"]
[Site "Cannes"]
[Date "1988.??.??"]
[Round "?"]
[White "Giffard, Nicolas"]
[Black "Kuligowski, Adam"]
[Result "1-0"]
[WhiteElo "2310"]
[BlackElo "2420"]

1.d4 Nf6 2.Bg5 c5 3.Bxf6 gxf6 4.d5 Qb6 5.Qc1 f5 6.g3 Qb4+ 7.Nd2 b5 8.c3 Qa4
9.Bg2 Bb7 10.Nb3 d6 11.Qg5 Nd7 12.Qxf5 b4 13.Nh3 bxc3 14.bxc3 Bg7 15.O-O Bxc3
16.Ng5 Nf6 17.Rab1 Bc8 18.Qc2 Ba5 19.Qb2 Bb6 20.Ne4 Rg8 21.Nxf6+ exf6 22.Qxf6 Rg6
23.Qh8+ Ke7 24.e4 Bb7 25.Qxh7 c4 26.Nd4  1-0

[Event "Caorle op"]
[Site "Caorle"]
[Date "1988.??.??"]
[Round "2"]
[White "Verrascina, Roberto"]
[Black "Gigerl, Erich"]
[Result "0-1"]
[WhiteElo "2035"]
[BlackElo "2225"]

1.d4 Nf6 2.Bg5 c5 3.d5 Qb6 4.Nc3 Qxb2 5.Bd2 Qb6 6.e4 d6 7.f4 e6 8.Rb1 Qd8
9.Bb5+ Bd7 10.Bc4 exd5 11.exd5 b6 12.Nf3 Be7 13.O-O O-O 14.h3 a6 15.a4 Bxa4
16.Nxa4 b5 17.Ba2 bxa4 18.Re1 Re8 19.Bc3 Nbd7 20.Qd3 Qc8 21.g4 Rb8 22.Rbd1 Nf8
23.f5 h6 24.Ba1 N8h7 25.Re2 Bd8 26.Rde1 Rxe2 27.Rxe2 Rb7 28.Qc3 Re7 29.Rf2 Re4
30.Nd2 Re1+  0-1

[Event "Caorle op"]
[Site "Caorle"]
[Date "1988.??.??"]
[Round "8"]
[White "Verrascina, Roberto"]
[Black "Pagnutti, Lorenzo"]
[Result "1/2-1/2"]
[WhiteElo "2035"]
[BlackElo "2060"]

1.d4 Nf6 2.Bg5 d5 3.Bxf6 exf6 4.e3 Bd6 5.Bd3 O-O 6.Ne2 g6 7.Nd2 f5 8.c4 Be6
9.Qb3 dxc4 10.Bxc4 Bxc4 11.Nxc4 Nd7 12.Nxd6 cxd6 13.O-O  1/2-1/2

[Event "Midwest Masters op"]
[Site "Chicago"]
[Date "1988.??.??"]
[Round "5"]
[White "Blocker, Calvin"]
[Black "Martinovsky, Eugene"]
[Result "0-1"]
[WhiteElo "2390"]
[BlackElo "2295"]

1.d4 Nf6 2.Bg5 d5 3.Nd2 Nbd7 4.Ngf3 h6 5.Bh4 e6 6.e3 Be7 7.Bd3 b6 8.c3 Bb7
9.Qc2 c5 10.h3 Qc7 11.g4 Bd6 12.Rg1 g5 13.Bg3 Bxg3 14.Rxg3 O-O-O 15.O-O-O Kb8
16.Kb1 e5 17.dxe5 Nxe5 18.Nxe5 Qxe5 19.Rf1 Ne4 20.f4 Nxd2+ 21.Qxd2 Qc7 22.Rgg1 Rde8
23.Ka1 Re6 24.Bf5 Re7 25.Re1 f6 26.h4 Rhe8 27.Bg6 Rg8 28.h5 Rd8 29.Rgf1 Bc8
30.fxg5 fxg5 31.Bf5 Re5 32.Bxc8 Qxc8 33.Qh2 Re8 34.Qg3 Qe6 35.Rf5 Kb7 36.Qf3 Rxf5
37.gxf5 Qe4 38.Qxe4 dxe4 39.Kb1 Rf8 40.Rd1 Kc6 41.Rf1 Kd5 42.c4+ Ke5 43.Rd1 Rxf5
44.Rd7 g4 45.Re7+ Kf6  0-1

[Event "CUB-ch"]
[Site "?"]
[Date "1988.??.??"]
[Round "?"]
[White "Calderin, Roberto"]
[Black "Otero, Evelio"]
[Result "1-0"]
[WhiteElo "2280"]
[BlackElo "2325"]

1.d4 Nf6 2.Bg5 d5 3.c4 e6 4.Nc3 Nbd7 5.Nf3 Be7 6.e3 h6 7.Bh4 O-O 8.Rc1 a6
9.c5 c6 10.Bd3 b6 11.cxb6 Qxb6 12.O-O Qxb2 13.Na4 Qb7 14.Qc2 c5 15.dxc5 Qa7
16.Nd4 Re8 17.Nc6 Qc7 18.Nxe7+ Rxe7 19.c6 Ne5 20.Bg3 h5 21.h3 Ne8 22.Be2 a5
23.Qc5 f6 24.Nb6 Ra7 25.Nd7 Bxd7 26.Qxe7 Nxc6 27.Bxc7 Nxe7 28.Bb6 Ra8 29.Bxh5 Bb5
30.Rfe1 Nd6 31.Bc5 Nec8 32.Be2 Nc4 33.e4 a4 34.exd5 exd5 35.Bf3 N4b6 36.Bxb6 Nxb6
37.Rb1 Ra5 38.Rec1 Nd7 39.Rc7 Bd3 40.Rbb7  1-0

[Event "DEN-chB"]
[Site "?"]
[Date "1988.??.??"]
[Round "2"]
[White "Brondum, Eric"]
[Black "Kristensen, Leif"]
[Result "0-1"]
[WhiteElo "2265"]
[BlackElo "2300"]

1.d4 Nf6 2.Bg5 c5 3.Bxf6 gxf6 4.d5 Qb6 5.Qc1 d6 6.e3 e5 7.Nd2 f5 8.Ne2 Qc7
9.Ng3 a6 10.Nh5 Qd8 11.h4 Nd7 12.a4 b6 13.Nc4 Rb8 14.Qd2 Nf6 15.Nxf6+ Qxf6
16.Rb1 Bd7 17.b4 Bxa4 18.bxc5 dxc5 19.h5 Bb5 20.Rxb5 axb5 21.Na3 Bd6 22.Bxb5+ Ke7
23.O-O Rhg8 24.Rb1 Qh4 25.e4 Qxe4 26.Bf1 Qf4 27.Qxf4 exf4 28.Re1+ Kd7 29.Bb5+ Kd8
30.Bd3 f3 31.g3 Rg5 32.Nb5 Kd7 33.Re3 f4 34.Rxf3 Rxd5 35.g4 h6 36.Bf5+ Ke7
37.Nxd6 Rxd6 38.Rxf4 Rd4 39.Rf3 b5 40.Ra3 Rb6 41.Kg2 b4 42.Ra7+ Kf6 43.f3 c4
44.Kg3 b3 45.cxb3 cxb3 46.Bh7 b2 47.Bb1 Rd1 48.Ba2 Ra1 49.Rxf7+ Ke5  0-1

[Event "DEN-chB"]
[Site "?"]
[Date "1988.??.??"]
[Round "7"]
[White "Brondum, Eric"]
[Black "Jacobsen, Bo"]
[Result "1/2-1/2"]
[WhiteElo "2265"]
[BlackElo "2280"]

1.d4 Nf6 2.Bg5 c5 3.Bxf6 gxf6 4.d5 f5 5.Nd2 Qb6 6.Qc1 e5 7.e3 Qg6 8.Nc4 d6
9.Qd2 Be7 10.O-O-O Nd7 11.h4 O-O 12.f3 Nf6 13.Ne2 Kh8 14.Nc3 Bd7 15.a4 Rfb8
16.Bd3 h5 17.Rhg1 b6 18.g3 e4 19.Be2 a6 20.g4 hxg4 21.fxe4 fxe4 22.a5 b5
23.Nb6 Ra7 24.Rdf1 Bf8 25.h5 Qg5 26.Rf4 Bh6 27.Nxd7 Rxd7 28.Nxe4 Nxe4 29.Rxe4 Re7
30.Rgxg4 Qxe3 31.Qxe3 Bxe3+ 32.Kb1 Ree8 33.Rxe8+ Rxe8 34.c3 Re5 35.Bf3 Rf5
36.Bg2 Rxh5 37.Re4 Re5 38.Rxe5 dxe5 39.d6 Bg5 40.Bb7 b4 41.Bxa6 Bd8 42.cxb4 cxb4
43.Kc2 Kg7 44.Kb3 Bxa5 45.Ka4 Bd8 46.Kxb4 f5 47.Kc5 e4 48.b4 Kf6 49.Kc6 Ke5
50.Kd7 Bb6 51.Kc6 Bd8 52.Kd7 e3 53.Kxd8 Kxd6 54.Be2  1/2-1/2

[Event "Dieren op"]
[Site "Dieren"]
[Date "1988.??.??"]
[Round "5"]
[White "Kerkmeester, Heico"]
[Black "Visser, Yge"]
[Result "0-1"]
[WhiteElo "2245"]
[BlackElo "2320"]

1.d4 Nf6 2.Bg5 g6 3.Bxf6 exf6 4.e3 f5 5.Bd3 d6 6.Nd2 Nd7 7.Ne2 Nf6 8.Nf4 Bd7
9.c4 h5 10.Qb3 Rb8 11.O-O-O Bh6 12.g3 b6 13.Rde1 Kf8 14.f3 c5 15.Qc3 Bg7
16.Qa3 h4 17.g4 fxg4 18.fxg4 Nxg4 19.Bxg6 fxg6 20.Nxg6+ Kg8 21.Nxh8 Kxh8
22.Rhg1 Qe8 23.Qd3 Qh5 24.dxc5 bxc5 25.Qxd6 Bxb2+ 26.Kc2 Qh7+ 27.e4 Be5 28.Qxc5 Qh6
29.Nb3 Rc8 30.Qxa7 Qd6 31.Rd1 Qb4 32.Kb1 Qxc4 33.Rg2 Qxe4+  0-1

[Event "Eger op"]
[Site "Eger"]
[Date "1988.??.??"]
[Round "?"]
[White "Dobos, Jozsef"]
[Black "Koncz, Imre"]
[Result "1/2-1/2"]
[WhiteElo "2260"]
[BlackElo "2260"]

1.d4 Nf6 2.Bg5 d5 3.Nd2 Nbd7 4.Ngf3 c5 5.e3 e6 6.c3 Be7 7.Bd3 O-O 8.Qe2 b6
9.Ne5 Bb7 10.f4 h6 11.Bh4 Re8 12.O-O-O c4 13.Bc2 b5 14.g4 Nxe5 15.fxe5 Nd7
16.Bxe7 Qxe7 17.h4 b4 18.Nf3 bxc3 19.bxc3 f6 20.Kd2 Bc6 21.Rb1 Reb8  1/2-1/2

[Event "Eindhoven op"]
[Site "Eindhoven"]
[Date "1988.??.??"]
[Round "?"]
[White "Cardon, Helmut"]
[Black "Langeweg, Kick"]
[Result "0-1"]
[WhiteElo "2360"]
[BlackElo "2360"]

1.d4 Nf6 2.Bg5 g6 3.Bxf6 exf6 4.e3 d6 5.Bd3 f5 6.Nd2 Bg7 7.Qf3 Nd7 8.Ne2 Nf6
9.h3 c6 10.Rg1 h5 11.O-O-O d5 12.Nf4 Qd6 13.Qg3 h4 14.Qf3 Bd7 15.g4 hxg3
16.Qxg3 Bh6 17.Nh5 Qe7 18.Nxf6+ Qxf6 19.Qc7 Bc8 20.Nf3 Bf8 21.c4 Bd6 22.Qa5 Be6
23.c5 Bf8 24.Qc7 Qe7 25.Qg3 O-O-O 26.Ng5 Bd7 27.b4 f6 28.Nf3 g5 29.h4 f4
30.exf4 g4 31.Nd2 f5 32.Rh1 Rh5 33.Rde1 Qh7 34.f3 Qh8 35.fxg4 fxg4 36.Re5 Bg7
37.Nb3 Bxe5 38.dxe5 Qh6 39.Nd4 Rxe5 40.Kc2 Rh5 41.f5 Rh8 42.Qxg4 Rxh4 43.Rxh4 Qxh4
44.Qg7 Qh6 45.Qe7 Re8 46.Qf7 Rf8 47.Qe7 Qf6 48.Qxf6 Rxf6 49.Kd2 Rh6 50.Ke3 Rh3+
51.Nf3 Kd8 52.Kf4 Ke7 53.Kg4 Rh1 54.Kg5 Rd1 55.f6+ Kf8 56.Ne5 Rg1+ 57.Kf4 Be8
58.Bf5 Rf1+ 59.Kg5 Rg1+ 60.Kf4 Ra1 61.Bc8 Rxa2 62.f7 Bxf7 63.Bxb7 Ra4 64.Nxc6 Be8
65.Ke5 Bxc6 66.Bxc6 Rxb4 67.Kd6 d4 68.Bd5 Ke8 69.c6 Rb6 70.Be4 Kd8 71.Kc5 Kc7
72.Kxd4 Rb4+ 73.Kd3 a5 74.Bh1 a4 75.Bd5 Rb2 76.Kc3 a3  0-1

[Event "Esbjerg-B"]
[Site "Esbjerg"]
[Date "1988.??.??"]
[Round "1"]
[White "Hansen, Mads Smith"]
[Black "Jacobsen, Bo"]
[Result "1/2-1/2"]
[WhiteElo "2245"]
[BlackElo "2290"]

1.d4 Nf6 2.Bg5 d5 3.Bxf6 exf6 4.e3 Be7 5.Bd3 O-O 6.Qf3 c5 7.Nc3 Be6 8.Nge2 Nc6
9.O-O Qd7 10.dxc5 Ne5 11.Qg3 Nxd3 12.cxd3 Bxc5 13.Nf4 Bd6 14.Qf3 Rfd8 15.Ncxd5 Be5
16.d4 Bxd5 17.Nxd5 Qxd5 18.dxe5 Qxf3 19.gxf3 fxe5 20.Rac1 Rd7 21.Rfd1 Re7
22.Kg2 f6 23.Kg3 Rae8 24.Rc4 Kf7 25.f4 exf4+  1/2-1/2

[Event "BL2-W8788"]
[Site "Germany"]
[Date "1988.??.??"]
[Round "?"]
[White "Schlaugat, Michael"]
[Black "Jackelen, Thomas"]
[Result "1/2-1/2"]
[WhiteElo "2230"]
[BlackElo "2315"]

1.d4 Nf6 2.Bg5 d5 3.Bxf6 exf6 4.e3 c6 5.Bd3 Qb6 6.b3 Bd6 7.Ne2 O-O 8.Nd2 Re8
9.c4 c5 10.dxc5 Qxc5 11.cxd5  1/2-1/2

[Event "Bundesliga 8788"]
[Site "Germany"]
[Date "1988.??.??"]
[Round "?"]
[White "Miltner, Arndt"]
[Black "Koepf, Ulrich"]
[Result "0-1"]
[WhiteElo "2330"]
[BlackElo "2230"]

1.d4 Nf6 2.Bg5 d5 3.Bxf6 exf6 4.e3 Bf5 5.Ne2 c6 6.Ng3 Bg6 7.Nd2 Qb6 8.Rb1 Bd6
9.a3 O-O 10.Bd3 Bxd3 11.cxd3 g6 12.O-O f5 13.f4 Re8 14.Qf3 Nd7 15.Kh1 Bf8
16.Rfd1 Nf6 17.h3 Re6 18.Ngf1 h5 19.Nh2 c5 20.dxc5 Qxc5 21.Nhf1 Qb5 22.Qe2 d4
23.Nf3 Bc5 24.Rbc1 dxe3 25.a4 Qb6 26.d4 Bd6 27.Ne5 Ne4 28.Qxe3 Qxb2 29.Kg1 b6
30.Ng3 Nf6 31.Qf3 Rd8 32.Nc6 Rde8 33.Ne5 h4 34.Nf1 Ne4 35.Ne3 Ng3 36.N3c4 Qe2
37.Qb3 Bxe5 38.fxe5 Qe4 39.Kh2 Ne2 40.Rb1 Nxd4 41.Qc3 Qf4+ 42.Kh1 Ne2 43.Qd3 Ng3+
44.Kg1 Rc8 45.Nd6 Rf8 46.Nc4 Ne4 47.Rb5 Nf2 48.Qd2 Nxh3+ 49.gxh3 Qxc4 50.Rd5 Qb3  0-1

[Event "NLD-ch"]
[Site "Hilversum"]
[Date "1988.??.??"]
[Round "?"]
[White "Piket, Jeroen"]
[Black "Vanheste, Jeroen"]
[Result "1-0"]
[WhiteElo "2470"]
[BlackElo "2370"]

1.d4 Nf6 2.Bg5 d5 3.Nf3 Ne4 4.Bf4 e6 5.e3 f6 6.Nbd2 Bd6 7.Bg3 Nxd2 8.Qxd2 c5
9.Bb5+ Nc6 10.O-O a6 11.Bxc6+ bxc6 12.Qc3 Bxg3 13.hxg3 cxd4 14.exd4 Qd6 15.Ne1 O-O
16.Nd3 Ra7 17.Rfe1 g5 18.Re3 Re7 19.Rae1 Rfe8 20.a4 Kh8 21.a5 Kg8 22.Kf1 Kh8
23.Qc5 Qxc5 24.Nxc5 e5 25.Rb3 e4 26.Rb6 f5 27.Rxc6 f4 28.gxf4 gxf4 29.Rf6 f3
30.gxf3 Bh3+ 31.Kg1 Rg7+ 32.Kh2 Bg2 33.fxe4 Reg8 34.Re3 Rg4 35.Rg3 dxe4 36.Kxg2  1-0

[Event "Hradec Kralove"]
[Site "Hradec Kralove"]
[Date "1988.??.??"]
[Round "9"]
[White "Efimov, Igor"]
[Black "David, Pavel"]
[Result "1-0"]
[WhiteElo "2405"]
[BlackElo "2335"]

1.d4 Nf6 2.Bg5 c5 3.d5 Qb6 4.Nc3 Qxb2 5.Bd2 Qb6 6.e4 d6 7.f4 e6 8.Rb1 Qd8
9.dxe6 fxe6 10.e5 Nd5 11.Bd3 Nxc3 12.Bxc3 d5 13.Qh5+ Kd7 14.f5 Kc7 15.Nf3 Nc6
16.fxe6 Be7 17.Qg4 g5 18.O-O h5 19.Qa4 Qe8 20.Nxg5 Bxg5 21.Rf7+ Ne7 22.Bb5 Qg8
23.Bc6 Qxf7 24.Ba5+ b6 25.exf7 Nxc6 26.Bxb6+ axb6 27.Qxa8 Rf8 28.Qa3 Rxf7
29.Qb3 Re7 30.Qxb6+ Kd7 31.Qxc5 Rxe5 32.Kh1 Be7 33.Qf2 d4 34.h3 Kd6 35.Qf4 Bg5
36.Qf7 Be6 37.Qxh5 Bxa2 38.Rd1 Bd5 39.Qg4 Be7 40.Rf1 Kc5 41.Rg1 Re3 42.Qf5 Bd6
43.Rb1 Bg3 44.Qf8+ Kc4 45.Qf1+ Kc5 46.Qf8+ Kc4 47.Kg1 Be4 48.Qg8+ Bd5 49.Qg5 Re1+
50.Rxe1 Bxe1 51.h4 Nb4 52.h5 Nxc2 53.h6 Be4 54.Qe7 Kd3 55.h7 Bxh7 56.Qxh7+ Kd2
57.g4 d3 58.g5 Ke2 59.g6 Bf2+ 60.Kh2 Bd4 61.Qh5+ Ke1 62.Kg2 Kd2 63.Kf3 Kc1
64.Qh1+ Kb2 65.Ke4 d2 66.Kd3 Bc3 67.Qd1 Nb4+ 68.Ke2 Nc2 69.Qg1 Na3 70.Qh1 Kc2
71.Qd1+ Kb2 72.Kd3 Nb1 73.Qc2+ Ka1 74.Kc4  1-0

[Event "Kecskemet"]
[Site "Kecskemet"]
[Date "1988.??.??"]
[Round "?"]
[White "Hodgson, Julian M"]
[Black "Lukacs, Peter"]
[Result "1-0"]
[WhiteElo "2525"]
[BlackElo "2465"]

1.d4 Nf6 2.Bg5 d5 3.Bxf6 gxf6 4.c4 c5 5.cxd5 Qxd5 6.Nf3 cxd4 7.Nc3 Qd8 8.Nxd4 e6
9.e3 a6 10.Qh5 Bb4 11.Rc1 Qa5 12.Qf3 Nd7 13.Be2 Qg5 14.O-O f5 15.Qh3 Nb6
16.Rfd1 Bd7 17.f4 Qe7 18.Bf3 Rb8 19.Kh1 Bxc3 20.Rxc3 Na4 21.Rc7 Nxb2 22.Rb1 Nd3
23.Qh6 Rc8 24.Rcxb7 Qa3 25.h3 Nf2+ 26.Kh2 Qxe3 27.Nxf5 exf5 28.Qd6 Qe6 29.Qd4  1-0

[Event "Lugano op"]
[Site "Lugano"]
[Date "1988.??.??"]
[Round "?"]
[White "Bellon Lopez, Juan Manuel"]
[Black "Pirrot, Dieter"]
[Result "1-0"]
[WhiteElo "2445"]
[BlackElo "2335"]

1.d4 Nf6 2.Bg5 d5 3.e3 c6 4.Bd3 Bg4 5.Ne2 Nbd7 6.f3 Bh5 7.Bxf6 gxf6 8.c4 dxc4
9.Bxc4 Bh6 10.e4 Qa5+ 11.Nbc3 O-O-O 12.Qb3 Rhg8 13.Ng3 e6 14.Rd1 Bf4 15.Kf2 Bg6
16.Nce2 Bc7 17.Qc3 h5 18.b4 Qb6 19.a4 Bd6 20.b5 h4 21.Nf1 c5 22.a5 Qc7 23.d5 f5
24.dxe6 fxe6 25.Bxe6 fxe4 26.Ne3  1-0

[Event "Lyngby op"]
[Site "Lyngby"]
[Date "1988.??.??"]
[Round "1"]
[White "Jensen, Allan"]
[Black "Fransson, Peter"]
[Result "0-1"]
[WhiteElo "2205"]
[BlackElo "2250"]

1.d4 Nf6 2.Bg5 g6 3.c4 Bg7 4.Nc3 d6 5.e4 h6 6.Bh4 O-O 7.Be2 c5 8.d5 Qa5 9.Qd2 a6
10.f4 b5 11.e5 b4 12.exf6 bxc3 13.Qxc3 Qxc3+ 14.bxc3 exf6 15.Rb1 Re8 16.Rb6 Nd7
17.Rb3 a5 18.Kd2 Ba6 19.Nf3 Rxe2+ 20.Kxe2 Bxc4+ 21.Kd2 Bxb3 22.axb3 Nb6 23.c4 a4
24.Kc2 f5 25.bxa4 Nxc4 26.Re1 Nb6 27.Kb3 Nxd5 28.Kc4 Nc7 29.Re7 Rxa4+ 30.Kd3 Ne6
31.Re8+ Kh7 32.g3 Re4 33.Re7 c4+ 34.Kd2 c3+ 35.Kd1 Re3 36.Ne1 Re4 37.Nf3 Nd4
38.Nxd4 Rxe7 39.Bxe7 Bxd4 40.Bxd6 Bg1 41.Ke2 h5 42.h3 h4 43.gxh4 Kh6 44.Be5 c2
45.Kd2 Kh5 46.Bf6 Be3+  0-1

[Event "Paris-ch"]
[Site "Paris"]
[Date "1988.??.??"]
[Round "2"]
[White "Giffard, Nicolas"]
[Black "Blees, Albert"]
[Result "1-0"]
[WhiteElo "2310"]
[BlackElo "2390"]

1.d4 Nf6 2.Bg5 d5 3.Bxf6 exf6 4.e3 c6 5.c4 dxc4 6.Bxc4 Bd6 7.Nf3 O-O 8.O-O Nd7
9.Nbd2 Nb6 10.Bb3 Re8 11.Qc2 Bg4 12.Nh4 Nd5 13.h3 Be6 14.Rac1 Rc8 15.Qb1 Bb4
16.Rfd1 g6 17.Nhf3 Bf8 18.a3 Bh6 19.Re1 Qd7 20.Bc4 Qe7 21.Rcd1 f5 22.Ba2 Bg7
23.Bb3 a6 24.Ba2 c5 25.dxc5 Qxc5 26.Nb3 Qb6 27.Nbd4 Nc7 28.Nxe6 Nxe6 29.Re2 Nc5
30.Red2 Re7 31.Rc2 Rce8 32.Bd5 Ne4 33.Qa2 Rd7 34.Rdc1 Red8 35.Bxe4 fxe4 36.Ng5 Qf6
37.Nxe4 Rd1+ 38.Rxd1 Rxd1+ 39.Kh2 Qf5 40.Qc4 Be5+ 41.f4 Bd6 42.g4 Qa5 43.b4 Qd8
44.Qc8 Be7 45.Kg2 Kg7 46.Qxd8 Bxd8 47.Rc3 f5 48.Nc5 Rd2+ 49.Kg3 Bf6 50.Rd3 Rxd3
51.Nxd3 b5 52.Kf3 Bc3 53.e4 fxg4+ 54.hxg4 h5 55.gxh5 gxh5 56.e5 Kg6 57.Ke4 h4
58.f5+ Kg5 59.f6  1-0

[Event "Prague Mladi-A"]
[Site "Prague"]
[Date "1988.??.??"]
[Round "4"]
[White "Gerber, Richard"]
[Black "Sher, Miron N"]
[Result "0-1"]
[WhiteElo "2370"]
[BlackElo "2400"]

1.d4 Nf6 2.Bg5 c5 3.Bxf6 gxf6 4.d5 Qb6 5.Qc1 f5 6.g3 h5 7.h4 Bg7 8.c3 Bh6
9.e3 e5 10.Ne2 Qg6 11.Bg2 d6 12.a4 Nd7 13.Na3 Nf6 14.Nc4 Ke7 15.O-O b6 16.b4 Qg4
17.Nxe5 dxe5 18.d6+ Kd7 19.Bxa8 Qxe2 20.bxc5 Ba6 21.Bg2 bxc5 22.Re1 Qg4 23.Qa3 Rc8
24.Rab1 Ne4 25.Qb3 Qg6 26.Red1 Qe6 27.Qa3 Bf8 28.Bf1 c4 29.Qb4 Bxd6 30.Qa5 Nc5
31.Rb2 Rc6 32.Bg2 e4 33.Bh3 Ke7 34.Rbd2 Nb3 35.Qd5 Bb7 36.Bxf5 Qxd5 37.Rxd5 Ra6
38.Bxe4 Bxd5 39.Rxd5 Ra5 40.Kg2 Be5 41.Rxa5 Nxa5 42.Bf3 Bxc3 43.Bxh5 Bb4
44.Bd1 c3 45.Kf3 Nc4 46.Ke4 Na3 47.Kd3 c2 48.Bxc2 Nxc2 49.Kxc2 Be1 50.f4 Bxg3
51.h5 Kf6 52.Kd3 Kf5 53.Kd4 Bf2 54.Kd3 Bh4 55.Kd4 Bd8 56.Kd5 Bb6 57.e4+ Kxf4
58.h6 Bc7 59.h7 Be5 60.a5 Bh8  0-1

[Event "Wch-blitz"]
[Site "Saint John"]
[Date "1988.??.??"]
[Round "2"]
[White "Dzindzichashvili, Roman"]
[Black "Vaganian, Rafael A"]
[Result "1-0"]
[WhiteElo "2530"]
[BlackElo "2625"]

1.d4 Nf6 2.Bg5 d5 3.Bxf6 exf6 4.e3 c6 5.Bd3 Bd6 6.Nd2 Be6 7.Ngf3 f5 8.O-O Nd7
9.c4 g6 10.cxd5 Bxd5 11.Bc4 Nb6 12.Bxd5 Nxd5 13.Nc4 O-O 14.a3 Re8 15.Re1 Bc7
16.b4 a5 17.Qb3 axb4 18.axb4 Rxa1 19.Rxa1 f4 20.b5 fxe3 21.Nxe3 Nxe3 22.fxe3 Qe7
23.bxc6 bxc6 24.Rc1 Qxe3+ 25.Qxe3 Rxe3 26.Rxc6 Re7 27.Kf2 Kf8 28.d5 Rd7 29.Ke3 Ke7
30.Kd4 Bd6 31.Ne5 Ra7 32.h3 Ra2 33.Nc4 Bg3 34.d6+ Ke6 35.Rc7 Rxg2 36.Re7+ Kf6
37.Re8 Bxd6 38.Nxd6 Rd2+ 39.Kc5 Rd3 40.h4 Rh3 41.Re4 g5 42.hxg5+ Kxg5 43.Kd5 f5
44.Re5 Rd3+ 45.Ke6 Ra3 46.Rxf5+ Kg4 47.Rf7 h5 48.Ne4 Re3 49.Ke5 h4 50.Rg7+ Kh3
51.Kf4 Re1 52.Nf2+ Kh2 53.Kf3 h3 54.Rh7 Kg1 55.Rxh3  1-0

[Event "Rilton Cup"]
[Site "Stockholm"]
[Date "1988.??.??"]
[Round "?"]
[White "Hall, Jesper"]
[Black "Callergard, Robert"]
[Result "1-0"]
[WhiteElo "2200"]
[BlackElo "2330"]

1.d4 Nf6 2.Bg5 d5 3.Bxf6 exf6 4.e3 Be6 5.Nf3 Bd6 6.c4 dxc4 7.Nc3 c6 8.a4 O-O
9.Nd2 Nd7 10.Bxc4 Re8 11.O-O f5 12.a5 Nf6 13.a6 b5 14.Bxe6 Rxe6 15.Qc2 g6
16.Qd3 Rb8 17.Rfc1 Qe7 18.g3 h5 19.Nf3 Re4 20.Nd2 Re6 21.Nf3 Ne4 22.d5 cxd5
23.Nd4 Bxg3 24.hxg3 Nxg3 25.Nxe6 Qh4 26.fxg3  1-0

[Event "Rilton Cup"]
[Site "Stockholm"]
[Date "1988.??.??"]
[Round "?"]
[White "Hall, Jesper"]
[Black "Winge, Stefan"]
[Result "1-0"]
[WhiteElo "2200"]
[BlackElo "2240"]

1.d4 Nf6 2.Bg5 c5 3.Nc3 cxd4 4.Qxd4 Nc6 5.Qh4 d6 6.e4 Qa5 7.O-O-O Be6 8.a3 Ng4
9.Bd2 g5 10.Qg3 Qc5 11.Nh3 Bg7 12.Nxg5 Bxc3 13.Qxc3 Qxc3 14.Bxc3 Nxf2 15.Bxh8 Nxh1
16.Rd2 Bg4 17.Bc3 h6 18.Nf3 O-O-O 19.Kd1 Rg8 20.Ke1 Nd8 21.Nd4 Rg5 22.Bd3 Rh5
23.Nf3 Ne6  1-0

[Event "SWZ-ch"]
[Site "?"]
[Date "1988.??.??"]
[Round "?"]
[White "Gerber, Richard"]
[Black "Landenbergue, Claude"]
[Result "1/2-1/2"]
[WhiteElo "2370"]
[BlackElo "2325"]

1.d4 Nf6 2.Bg5 c5 3.Bxf6 gxf6 4.d5 Qb6 5.Qc1 f5 6.e3 Bg7 7.c3 e6 8.Bc4 Na6
9.Ne2 Nc7 10.Nf4 Qd6 11.O-O Be5 12.Rd1 Qe7 13.a4 b6 14.Qd2 d6 15.Na3 a6 16.Bb3 b5
17.axb5 axb5 18.Nxb5 Rxa1 19.Nxc7+ Qxc7 20.Rxa1 Ke7 21.Bc4 Bd7 22.Qe2 Qb7
23.h4 Rg8 24.Ra2 Rg4 25.g3 Kf6 26.Qd1 Qb8 27.Kh2 Ke7 28.Qa1 Rg8 29.Ra7 Bxf4
30.exf4 Rc8 31.Qa6 Rc7 32.Rxc7 Qxc7 33.b4 Bc8 34.Qa2 cxb4 35.cxb4 Qb6 36.Qb2 Bb7
37.Qd2 exd5 38.Bf1 d4 39.Bg2 Bxg2 40.Kxg2 Qc6+ 41.Kh2 Qc4 42.b5 Qxb5 43.Qxd4 Qc5
44.Qb2 Ke6 45.Qb3+ Ke7  1/2-1/2

[Event "Tel Aviv"]
[Site "Tel Aviv"]
[Date "1988.??.??"]
[Round "?"]
[White "Hodgson, Julian M"]
[Black "Liberzon, Vladimir M"]
[Result "1/2-1/2"]
[WhiteElo "2480"]
[BlackElo "2460"]

1.d4 Nf6 2.Bg5 d5 3.Bxf6 exf6 4.e3 Bd6 5.c4 dxc4 6.Bxc4 Nd7 7.Nc3 O-O 8.Nf3 f5
9.O-O Nf6 10.Qb3 a6 11.a4 Qe7 12.Nd5 Nxd5 13.Bxd5 c6 14.Bc4 Rb8 15.a5 Kh8
16.Rfd1 f6 17.g3 Bd7 18.Ne1 Be8 19.Nd3 Bh5 20.Rd2 Rfe8 21.Qc3 Bf3 22.b4 h5
23.Nc5 h4 24.Bf1 Qf7 25.Qd3 Qh5 26.Bg2 Bxg2 27.Kxg2 Re7 28.Qe2 Qg5 29.Qf3 Rbe8
30.Ra3 g6 31.Rb3 hxg3 32.hxg3 Qg4 33.d5 Bxc5 34.bxc5 Qc4 35.Rb6 Qxc5 36.dxc6 Qxa5
37.Rdb2 bxc6 38.Rxc6 Rf7 39.Rbb6 Kg7 40.Rxa6 Qe5  1/2-1/2

[Event "Thessaloniki ol (Women)"]
[Site "Thessaloniki"]
[Date "1988.??.??"]
[Round "?"]
[White "Levitina, Irina S"]
[Black "Erenska Radzewska, Hanna"]
[Result "0-1"]
[WhiteElo "2355"]
[BlackElo "2275"]

1.d4 Nf6 2.Bg5 d5 3.e3 c5 4.Nf3 Qb6 5.Nbd2 cxd4 6.exd4 Bg4 7.Bd3 Nc6 8.h3 Bh5
9.Bxf6 gxf6 10.Nb3 e6 11.c3 a6 12.Be2 Bd6 13.Nfd2 Bxe2 14.Qxe2 Qc7 15.Nf1 Qe7
16.Ne3 O-O 17.Nc1 b5 18.Nd3 Kh8 19.Qh5 b4 20.O-O Rg8 21.Rae1 Rg5 22.Qh4 Rag8
23.f4 R5g6 24.Re2 Qf8 25.Rf3 f5 26.Ne5 Bxe5 27.fxe5 bxc3 28.bxc3 Qb8 29.Qf2 Qb1+
30.Qf1 Qb5 31.Rc2 Rb8 32.Qxb5 Rxb5 33.Kh2 Rb7 34.g4 fxg4 35.Nxg4 Kg7 36.Rcf2 Nd8
37.Nf6 h6 38.Ne8+ Kg8 39.Nd6 Re7 40.Rb2 Nc6  0-1